000 00964cam a2200157 4500500
005 20260405003631.0
041 _afre
042 _adc
100 1 0 _aNdongala Maduku, Ignace
_eauthor
245 0 0 _aDes Églises régionales à l’heure de la mondialisation
260 _c2005.
500 _a63
520 _aFor over ten years, the Catholic Church has seen the resurgence of centralizing tendencies that are eroding the vitality of episcopal conferences and the dynamism of synods. In view of the current context of cultural pluralism, and given the tension between regionalization and globalization, the author considers regional churches as a suitable response to the challenge of the search by local churches for their identity, and an alternative to Roman centralization
786 0 _nLumen Vitae | Volume LX | 1 | 2005-01-01 | p. 97-104 | 0024-7324
856 4 1 _uhttps://shs.cairn.info/revue-lumen-vitae-2005-1-page-97?lang=fr&redirect-ssocas=7080
999 _c2069492
_d2069492